00528pab a2200181 454500008004000000100002500040245002700065260000900092300001000101362001100111650003000122650001800152650002900170773001500199909001000214999001700224952010500241180718b1995 xxu||||| |||| 00| 0 eng d aChakravarthy, Nikhil aWages of Manmohanomics c1995 ap.3-4 a29 Jul aEconomic planning - India aWages - India aCentral planning - India aMainstream a29123 c29123d29123 00104070aIIPAbIIPAd2018-07-19hVolume no: 33, Issue no: 36pAR29249r2018-07-19w2018-07-19yAR